FC 26 Winter Wildcards - Statistics

General Stats
  • This quiz has been taken 6 times
    3 since last reset
  • The average score is 57 of 120
Answer Stats
rat pos club player % Correct
Winter Wildcards 91 CAM/ST Paris Saint-Germain Ousmane Dembélé
100%
Winter Wildcards 90 CM FC Barcelona Pedri
100%
Winter Wildcards 90 GK Real Madrid Thibaut Courtois
100%
Winter Wildcards 89 ST Liverpool Alexander Isak
67%
Winter Wildcards 89 CM Liverpool Alexis Mac Allister
67%
Winter Wildcards Icon 87 LB England Ashley Cole
67%
Winter Wildcards Icon 91/87 LM Japan Aya Miyama
67%
Winter Wildcards Icon 92 RB Brazil Cafu
67%
Winter Wildcards 88 LW/ST Barça Femení Claudia Pina
67%
Winter Wildcards 87 LB RB Leipzig David Raum
67%
Winter Wildcards 86 CDM Nottingham Forest Elliot Anderson
67%
Winter Wildcards 86 CDM Borussia Dortmund Emre Can
67%
Winter Wildcards 86 CB AS Monaco Eric Dier
67%
Winter Wildcards Icon 90 CB Italy Fabio Cannavaro
67%
Winter Wildcards 90 RB/CM Real Madrid Federico Valverde
67%
Winter Wildcards Icon 93 ST Hungary Ferenc Puskás
67%
Winter Wildcards 89 CB Arsenal Gabriel Magalhães
67%
Winter Wildcards Icon 91 RW Northern Ireland George Best
67%
Winter Wildcards Hero 87 GK/RW Premier League Jerzy Dudek
67%
Winter Wildcards 88 CDM/CM Paris Saint-Germain João Neves
67%
Winter Wildcards Icon 94/87 CAM Netherlands Johan Cruyff
67%
Winter Wildcards 88 CB Bayern Munich Jonathan Tah
67%
Winter Wildcards 89 ST Atlético Madrid Julián Alvarez
67%
Winter Wildcards Icon 91/88 CM United States Julie Foudy
67%
Winter Wildcards Hero 90 CB Bundesliga Jürgen Kohler
67%
Winter Wildcards 89 RW OL Lyonnes Kadidiatou Diani
67%
Winter Wildcards 89 CDM/CAM Napoli Kevin De Bruyne
67%
Winter Wildcards 88 LM Brentford Kevin Schade
67%
Winter Wildcards 87 CM Juventus Khéphren Thuram
67%
Winter Wildcards 89 LM Bayern Frauen Klara Bühl
67%
Winter Wildcards 89 ST/RM Chelsea Women Lauren James
67%
Winter Wildcards Icon 90 CAM Portugal Luís Figo
67%
Winter Wildcards 87 CDM Juventus Manuel Locatelli
67%
Winter Wildcards 90 LM FC Barcelona Marcus Rashford
67%
Winter Wildcards 87 RW Man City Women Mary Fowler
67%
Winter Wildcards 86 CAM AS Roma Matías Soulé
67%
Winter Wildcards 87 CB Crystal Palace Maxence Lacroix
67%
Winter Wildcards 89 CDM Chelsea Moises Caicedo
67%
Winter Wildcards 87 CAM Aston Villa Morgan Rogers
67%
Winter Wildcards 86 CDM Manchester City Nico González
67%
Winter Wildcards 87 CB Borussia Dortmund Nico Schlotterbeck
67%
Winter Wildcards 89 LM/ST Athletic Bilbao Nico Williams
67%
Winter Wildcards 86 RW/CAM Arsenal Noni Madueke
67%
Winter Wildcards Icon 90/86 CM France Patrick Vieira
67%
Winter Wildcards 90 ST/CDM Barça Femení Patri Guijarro
67%
Winter Wildcards 88 ST Bayer Leverkusen Patrik Schick
67%
Winter Wildcards 89 CAM AS Roma Paulo Dybala
67%
Winter Wildcards 87 LW AC Milan Rafael Leão
67%
Winter Wildcards 87 CB Atlético Madrid Robin Le Normand
67%
Winter Wildcards 89 RW Real Madrid Rodrygo
67%
Winter Wildcards Icon 94/88 LW Brazil Ronaldinho
67%
Winter Wildcards 87 CDM Al Hilal Rúben Neves
67%
Winter Wildcards 87 LM Bayern Munich Serge Gnabry
67%
Winter Wildcards Icon 93/86 ST France Thierry Henry
67%
Winter Wildcards 85 RB Newcastle Tino Livramento
67%
Winter Wildcards 88 RM/ST Washington Spirit Trinity Rodman
67%
Winter Wildcards Icon 92/87 CAM Brazil Zico
67%
Winter Wildcards Icon 95 CAM France Zinedine Zidane
67%
Winter Wildcards 85 GK Real Oviedo Aarón Escandell
33%
Winter Wildcards 86 CB Napoli Alessandro Buongiorno
33%
Winter Wildcards 85 RB Celtic Alistair Johnston
33%
Winter Wildcards 85 RB Real Sociedad Álvaro Odriozola
33%
Winter Wildcards 86 LW Sassuolo Armand Laurienté
33%
Winter Wildcards 86 ST Orlando Pride Barbra Banda
33%
Winter Wildcards 86 CDM Brighton Carlos Baleba
33%
Winter Wildcards 86 CAM Atalanta Charles De Ketelaere
33%
Winter Wildcards 85 CB Toulouse Charlie Cresswell
33%
Winter Wildcards Hero 87 ST Bundesliga Claudio Pizarro
33%
Winter Wildcards 85 CB VfB Stuttgart Dan-Axel Zagadou
33%
Winter Wildcards 85 LM Nottingham Forest Dan Ndoye
33%
Winter Wildcards 86 ST Sassuolo Domenico Berardi
33%
Winter Wildcards 87 CAM Man United Women Ella Toone
33%
Winter Wildcards 86 CAM FC Barcelona Fermín López
33%
Winter Wildcards 86 LM Al-Ahli Galeno
33%
Winter Wildcards 86 ST Villarreal Gerard Moreno
33%
Winter Wildcards 87 GK Marseille Géronimo Rulli
33%
Winter Wildcards Icon 89 CAM Italy Gianfranco Zola
33%
Winter Wildcards 85 CAM Lille OSC Hákon Haraldsson
33%
Winter Wildcards 85 ST Monchengladbach Haris Tabaković
33%
Winter Wildcards 86 CAM Paris FC Ilan Kebbal
33%
Winter Wildcards Hero 88 CB/RB Serie A Iván Córdoba
33%
Winter Wildcards Hero 89 ST La Liga Iván Zamorano
33%
Winter Wildcards Hero 89 CB Premier League Jaap Stam
33%
Winter Wildcards Hero 90 CAM Eredivisie Jari Litmanen
33%
Winter Wildcards Hero 87 LB La Liga Joan Capdevila
33%
Winter Wildcards 87 RB Liverpool Joe Gomez
33%
Winter Wildcards 85 ST Al-Khaleej Joshua King
33%
Winter Wildcards 85 CB Villarreal Juan Foyth
33%
Winter Wildcards 85 LB Borussia Dortmund Julian Ryerson
33%
Winter Wildcards 87 LM Al-Nassr Kingsley Coman
33%
Winter Wildcards Hero 87 CB Premier League Ledley King
33%
Winter Wildcards 88 CM Newcastle Lewis Hall
33%
Winter Wildcards Icon 91 CM Germany Lothar Matthäus
33%
Winter Wildcards 86 CB Manchester United Luke Shaw
33%
Winter Wildcards 87 RB Atlético Madrid Marcos Llorente
33%
Winter Wildcards Icon 88 CDM Ghana Michael Essien
33%
Winter Wildcards 87 RW Tottenham Hotspur Mohamed Kudus
33%
Winter Wildcards 87 CB OGC Nice Moïse Bombito
33%
Winter Wildcards Hero 89 CM Frauen-Bundesliga Nadine Keßler
33%
Winter Wildcards 85 CDM Rangers Nicolas Raskin
33%
Winter Wildcards 85 RB Sunderland Nordi Mukiele
33%
Winter Wildcards 87 ST Manchester City Omar Marmoush
33%
Winter Wildcards Hero 88 RM/CDM Premier League Ramires
33%
Winter Wildcards 87 CAM Bayern Munich Raphaël Guerreiro
33%
Winter Wildcards 86 RM Eintracht Frankfurt Ritsu Doan
33%
Winter Wildcards 86 CB Al-Ahli Roger Ibañez
33%
Winter Wildcards 85 CB RC Lens Samson Baidoo
33%
Winter Wildcards 87 LB OL Lyonnes Selma Bacha
33%
Winter Wildcards Hero 87 RM Ligue 1 Sidney Govou
33%
Winter Wildcards Hero 88 LB Première Ligue Sonia Bompastor
33%
Winter Wildcards 87 CAM Washington Spirit Croix Bethune
0%
Winter Wildcards 85 RM Frankfurt Frauen Ereleta Memeti
0%
Winter Wildcards 86 CAM Atlético Femenino Fiamma Benítez
0%
Winter Wildcards 85 CAM Brighton Women Fran Kirby
0%
Winter Wildcards Hero 87 CM Barclays WSL Jill Scott
0%
Winter Wildcards 85 ST Werder Frauen Larissa Mühlhaus
0%
Winter Wildcards 86 CM Portland Thorns Olivia Moultrie
0%
Winter Wildcards 85 CB Madrid Femenino Rocio Gálvez
0%
Winter Wildcards 85 CDM Racing Louisville Taylor Flint
0%
Winter Wildcards 87 LW KC Current Temwa Chawinga
0%
No matching quizzes found
Score Distribution
Percent of People with Each Score
Percentile by Number Answered
Your Score History
You have not taken this quiz since the last reset